000 00308nam a22001217a 4500
082 _a894.812
_bMAL
245 _aMALAYALAM AKSHARAMALA
_bKATHAKALUM KAVITHAKALUM CHERNNATH
260 _aTHRISSUR
_bH & C PUBLISHING HOUSE
300 _a48
520 _aPOETRY & STORIES
650 _aPOETRY & STORIES
942 _cBK
999 _c4241
_d4241